| 000 | 01196nam a2200253Ia 4500 | ||
|---|---|---|---|
| 003 | Ost | ||
| 005 | 20260507075324.0 | ||
| 008 | 260507s9999||||xx |||||||||||||| ||und|| | ||
| 020 | _a9789957182465 | ||
| 040 | _cfsecg | ||
| 041 | _aara | ||
| 082 | _a330 | ||
| 100 |
_aكاظم، كامل علاوي _eمؤلف |
||
| 245 | 0 |
_aالرياضيات الاقتصادية : _bأسس و تطبيقات / _c كامل علاوي كاظم |
|
| 260 |
_aعمان: _bدار المناهج للنشر والتوزيع, _c2010 |
||
| 300 |
_a226 صفحة؛ _bإيضاحات ؛ _c24 سم |
||
| 504 | _aببليوغرافيا: ص.225-226 | ||
| 520 | _aالأسس العامة، جبر المصفوفات و تطبيقاتها في الاقتصاد، المشتقات و التكامل و تطبيقاتها الاقتصادية، البرمجة الخطية، تحليل المستخدم المنتج، معادلات الفروق و تطبيقاتها الاقتصادية | ||
| 653 | _aالإقتصاد الرياضي | ||
| 653 | _aالتحليل الرياضي- الإقتصاد | ||
| 653 | _aالرياضيات | ||
| 700 |
_aلافي مرزوك، عاطف _eمؤلف ثانوي |
||
| 942 | _cكتاب | ||
| 999 |
_c43952 _d43952 |
||